Los tesoros de la pintura puertorriqueña = Treasures of Puerto Rican paintings (Record no. 10961)

MARC details
000 - LÍDER
campo de control de longitud fija 01547nam a2200277Ia 4500
008 - ELEMENTOS DE DATOS DE LONGITUD FIJA - INFORMACIÓN GENERAL
campo de control de longitud fija 0000002001 pr ad 0000000000mul00
020 ## - INTERNATIONAL STANDARD BOOK NUMBER
International Standard Book Number 965014509
090 ## - NÚMERO DE LLAMADA DE TIPO LC LOCALMENTE ASIGNADO (OCLC)
Número de clasificación (OCLC) (R) PPR00 T27t
245 10 - TÍTULO DECLARACIÓN
Título Los tesoros de la pintura puertorriqueña = Treasures of Puerto Rican paintings
Declaración de responsabilidad / traducción Anne Jones
250 ## - DECLARACIÓN DE EDICIÓN
Sentencia de edición 1a. ed.
260 ## - PUBLICACIÓN, DISTRIBUCIÓN
Lugar de publicación San Juan (Puerto Rico) : Museo de Arte de Puerto Rico
Fecha de publicación 2001
300 ## - DESCRIPCIÓN FÍSICA
Alcance 420 p.
Dimensiones / 31 cm.
500 ## - NOTA GENERAL
Nota general Texto bilingue : español inglés \ Registro auspiciado por la FGAA. Bogotá
501 ## - Con nota
Con nota El coleccionismo en Puerto Rico = Art collecting in Puerto Rico / Osiris Delgado La pintura, el gusto y la historia: refleXiones en torno a la historia de la pintura puertorriqueña = Regarding taste, reflections on the history of Puerto Rican painting / Mercedes Trelles Hernández Los artistas que se establecen en la década de los 90: una nuevas miradas, uno nuevos retos = Artists establishing themselves in the 90's: new visions, new challenges / Manuel Alvarez Lezama
650 14 - ENTRADA DE SUJETO AÑADIDO - TÉRMINO TÓPICO
Término tópico o elemento de entrada del nombre geográfico ARTE CONTEMPORANEO PUERTORRIQUEÑO
650 14 - ENTRADA DE SUJETO AÑADIDO - TÉRMINO TÓPICO
Término tópico o elemento de entrada del nombre geográfico ARTE PUERTORRIQUEÑO
650 14 - ENTRADA DE SUJETO AÑADIDO - TÉRMINO TÓPICO
Término tópico o elemento de entrada del nombre geográfico ARTISTAS PLASTICOS PUERTORRIQUEÑOS
650 14 - ENTRADA DE SUJETO AÑADIDO - TÉRMINO TÓPICO
Subdivisión general CATALOGOS
650 14 - ENTRADA DE SUJETO AÑADIDO - TÉRMINO TÓPICO
Término tópico o elemento de entrada del nombre geográfico COLECCIONES DE ARTE PUERTO RICO
650 14 - ENTRADA DE SUJETO AÑADIDO - TÉRMINO TÓPICO
Término tópico o elemento de entrada del nombre geográfico ENSAYOS
650 14 - ENTRADA DE SUJETO AÑADIDO - TÉRMINO TÓPICO
Término tópico o elemento de entrada del nombre geográfico PINTORES PUERTORRIQUEÑOS
650 14 - ENTRADA DE SUJETO AÑADIDO - TÉRMINO TÓPICO
Término tópico o elemento de entrada del nombre geográfico PINTURA ACRILICA (ARTE)
650 14 - ENTRADA DE SUJETO AÑADIDO - TÉRMINO TÓPICO
Término tópico o elemento de entrada del nombre geográfico PINTURA AL OLEO
650 14 - ENTRADA DE SUJETO AÑADIDO - TÉRMINO TÓPICO
Término tópico o elemento de entrada del nombre geográfico PINTURA PUERTORRIQUEÑA INVESTIGACIONES
700 1# - ENTRADA AGREGADA - NOMBRE PERSONAL
Nombre de la persona Jones, Anne, tr \ Delgado, Osiris \ Trelles Hernández, Mercedes \ Alvarez Lezama, Manuel
Holdings
Estado de retirada Pérdida de estatus Estado dañado No para préstamo Código de recogida Ubicación permanente Ubicación actual Ubicación de las estanterías Fecha de adquisición Número de llamada completo Código de barras Fecha de la última vez que se vio Número de copia Precio efectivo desde Tipo de artículo Koha
        General ArtNexus ArtNexus General 06/09/2022 P-PR-00 T27T 11063 06/09/2022 Ej.1 06/09/2022 Libro

Powered by Koha